000 00437nam a22001817a 4500
005 20180710112957.0
008 160512b xxu||||| |||| 00| 0 eng d
020 _a9814-12656-X
041 _aeng
082 _b1581
_a658.15
100 _aDamodaron, Aswath
_94501
245 _aCorporate Finance (Theory & Practice)
250 _a2nd ed.
260 _aSingapore
_bWILEG,
300 _a982p,
650 _aManagement
_9241
942 _cBK
999 _c633
_d633